16 Little Geography Pictograms Quiz Stats

 Plays Quiz Updated Oct 24, 2017

Challenge
Share
Tweet
Score 0/16 Timer 06:00
1 Play Today
Hint Answer % Correct
Tokyo
89.4%
Haiti
89.2%
Andorra
88.3%
Caribbean
87.7%
Rhode Island
87.3%
Red Sea
78.3%
Europe
77.4%
Minnesota
76.3%
Hint Answer % Correct
Kuala Lumpur
70.9%
Bahrain
67.9%
Syria
63%
Guinea Bissau
62.1%
Liechtenstein
62.1%
New Jersey
55.1%
Budapest
53.3%
Belmopan
49.1%

You're not logged in!

Compare scores with friends on all Sporcle quizzes.
OR
Log In

You Might Also Like...

Show Comments

Extras

Top Quizzes Today


Score Distribution

Your Account Isn't Verified!

In order to create a playlist on Sporcle, you need to verify the email address you used during registration. Go to your Sporcle Settings to finish the process.

Report this User

Report this user for behavior that violates our Community Guidelines.

Details: